000 00718nam a22002411i 4500
001 bimo0000689083
003 OSt
005 20141121213002.0
008 900725s1977 sp spa
020 _a84-239-0633-7
040 _aSpMaBN
_cBMC
082 _a910.97
082 _a910.98
100 _9614
_aColón, Cristóbal
245 1 4 _aLos cuatro viajes del almirante y su testamento
_cCristobal Colón ; edición y prólogo de Ignacio B. Anzoátegui
250 _a6ª ed
260 0 _aMadrid
_bEspasa-Calpe
_c1977
300 _a221 p.
_c18 cm
490 0 _aAustral
_v633
600 _9362
_aAnzoátegui, Ignacio B.
_d1905-1978
651 _9270
_aAmérica
_xDescubrimientos y exploraciones
942 _2ddc
_cBK
999 _c519
_d519